|
|
|
|
| LEADER |
00000nab a2200000 a 4500 |
| 001 |
vtls000090450 |
| 003 |
SK-MaSNL |
| 005 |
20260303184740.0 |
| 008 |
111031c1981 xo 0 slo |
| 015 |
|
|
|a SNBRA19rr/mm-uuuuu
|
| 035 |
|
|
|a CL0100553
|
| 040 |
|
|
|a SNKBUCL
|b slo
|c SNKBUCL
|e AACR2
|
| 041 |
0 |
|
|a slo
|
| 044 |
|
|
|a xo
|c SK
|
| 080 |
|
|
|a 633.2/.3
|2 1981
|
| 080 |
|
|
|a 636.08
|2 1981
|
| 080 |
|
|
|a 631.1
|2 1981
|
| 100 |
1 |
|
|a Bezák, Anton,
|d 1942-
|4 aut
|9 113450
|
| 245 |
1 |
0 |
|a Základné otázky organizácie výroby a úpravy objemových krmív
|c Anton Bezák, Peter Bielik
|
| 300 |
|
|
|b Res. rus. angl.
|
| 650 |
0 |
7 |
|a objemové krmivá
|2 snkbucl
|9 2822
|
| 655 |
|
7 |
|a články zo zborníkov
|2 snkbucl
|9 166140
|
| 700 |
1 |
|
|a Bielik, Peter,
|d 1952-
|4 aut
|9 188452
|
| 773 |
0 |
|
|t Acta operativo-oeconomica 36
|d Bratislava : Príroda, 1981
|g S. 207-218
|
| 850 |
|
|
|a Slovenská národná knižnica v Martine
|a MTA001
|
| 852 |
|
|
|a SNK
|b KIS3GCP
|
| 958 |
|
|
|a RK
|
| 992 |
|
|
|a RZB
|
| 999 |
|
|
|c 2127921
|d 2129851
|